Animaux Nationaux sur une carte - Statistiques

Statistiques générales
  • Ce quiz a été pris 292 fois
  • Le résultat moyen est 78 sur 196
Réponses sur la Carte
Les réponses sont colorées sur une échelle allant du rouge au vert en fonction du pourcentage des utilisateurs qui les ont devinées à leur premier essai. Vous pouvez retrouver ces pourcentages ci-dessous.
 
Statistiques - réponses
Pays % Correct
Aigle
90%
Aigle de mer
90%
Aigle des singes
90%
Aigle des steppes
90%
Aigle Noir
90%
Aigle pêcheur africain
90%
Aigle royal
90%
Aigle Royal
90%
Ours brun
90%
Ours Brun
90%
Ours noir de Taïwan
90%
Coq gaulois
89%
Lion
89%
Lion à deux queues
89%
Lion asiatique
89%
Lion d'Afrique
89%
Lion de Belgique
89%
Lion de l'Atlas
89%
Tigre de Malaisie
85%
Tigre de Sibérie
85%
Tigre du Bengale
85%
Kangourou
82%
Elephant
78%
Eléphant d'Afrique
77%
Éléphant d'Afrique
77%
Elephant d'Afrique
77%
Éléphant d'Asie
77%
Chat sauvage d'Afrique
70%
Loup d'Italie
70%
Loup gris
70%
Panda
68%
Cheval
63%
Cheval Akhal-Teke
63%
Cheval de Przewalski
63%
Cheval du Karabakh
63%
Vache
63%
Requin
60%
Jaguar
54%
Léopard d'Afrique
54%
Léopard d'Arabie
54%
Taureau
52%
Baleine
50%
Dauphin
50%
Girafe
50%
Panthère de Perse
50%
Panthère noire
50%
Elan
49%
Élan
49%
Zèbre des plaines
49%
Cerf de Virginie
48%
Chèvre
47%
Crocodile
46%
Fennec
45%
Kiwi
44%
Perroquet Impérial
44%
Perroquet noir des Seychelles
44%
Cochon à dent du Vanuatu
42%
Lapin de garenne
42%
Mouflon de Chypre
42%
Mouton de Marco Polo
42%
Rhinocéros Blanc
42%
Chameau
40%
Faucon
40%
Faucon crécerelle
40%
Faucon gerfaut
40%
Castor
38%
Dromadaire
37%
Bison
35%
Buffle d'eau
34%
Lynx
34%
Lynx Boréal
34%
Lynx ibérique
34%
Hyène rayée
33%
Hyène tachetée
33%
Tortue
33%
Antilope
32%
Maki catta
30%
Pygargue à queue blanche
29%
Pygargue à tête blanche
29%
Pygargue vocifère
29%
Chimpanzé verus
28%
Condor des Andes
25%
Marmotte
25%
Paon
22%
Écureuil
21%
Écureuil géant de Ceylan
20%
Écureuil roux
20%
Colibri à tête noire
18%
Grue royale
18%
Colombe
17%
Colombe de Grenade
17%
Ours brun
17%
Dodo
16%
Thon jaune
15%
Dragon de Komodo
14%
Flamant Rose
14%
Paresseux
14%
Quetzal
14%
Oryx
12%
Oryx d'Arabie
12%
Springbok
12%
Cigogne blanche
11%
Okapi
11%
Tapir de Baird
11%
Hirondelle rustique
10%
Merle à ventre roux
10%
Merle bleu
10%
Pélican Brun
10%
Faisan versicolore
9%
Coccinelle à deux points
8%
Léopard des neiges
8%
Harpie féroce
7%
Lycaon
7%
Hippocampe
6%
Vigogne
6%
Dugong
5%
Gypaète Barbu
5%
Martre des Pins
5%
Takin
5%
Étalon
4%
Fournier
4%
Frégate du Pacifique
4%
Frégate superbe
4%
Perdrix choukar
4%
Touraco à huppe splendide
4%
Touraco de Pauline
4%
Trogon damoiseau
4%
Trogon de Cuba
4%
Araponga à gorge nue
3%
Cervidé
3%
Esclave palmiste
3%
Huppe fasciée
3%
Kouprey
3%
Markhor
3%
Motmot
3%
Motmot à sourcils bleus
3%
Oriole troupiale
3%
Vanneau téro
3%
Amazone de Sainte-Lucie
2%
Aurochs
2%
Chollima
2%
Hippotrague noir
2%
Huemul
2%
Karabair
2%
Messager sagittaire
2%
Turul
2%
Lévrier
1%
Lori à collier
1%
Martin chasseur
1%
Tourterelle des Palaos
1%
Tursiops
1%
Coelacanthe
0%
Kampala
0%
Malé
0%
Mégapode tongien
0%
Musaraigne de Sao Tomé
0%
Petit kiskadee
0%
Poisson Volant
0%
Renard volant de Chuuk
0%
Aucun quiz correspondant
Distribution des résultats
% des personnes avec chaque résultat
Percentile par nombre de réponses
Votre historique - résultats
Vous n’avez pas pris ce quiz